000
00622nam a22001577a 4500
020
_a
9788120348714
082
_a
659.20954
100
_a
C.V.Narasimha Reddy
245
_a
Effective public relations and media strategy
250
_a
2nd
260
_a
Delhi
_b
PHI learning
_c
2014
300
_a
654p
942
_c
BK
999
_c
2585
_d
2585